K výkladu pojmu "vopred uvážená pohnútka" pri trestnom čine úkladnej vraždy

Bibliographic Details
Main Author: Deset, Miloš, 1982- (Author)
Format: Article
Language:Slovak

MARC

LEADER 00000nab a2200000uu 4500
001 vtls011458397
003 SK-MaSNL
005 20260303183237.0
008 230121|2013 xo |||||||||||||||||slo|
015 |a SNBRB 
035 |a (urnnbn)urn:nbn:sk:snk:ar-a0a48h 
035 |a (uuid)d3e820d6-24b2-4b91-8400-36ffbf1fb753 
035 |a urn:nbn:sk:snk-abcsro 
040 |a SNKBUCL  |b slo  |c SNKBUCL  |e AACR2 
041 0 |a slo 
044 |a xo  |c SK 
100 1 |a Deset, Miloš,  |d 1982-  |4 aut  |9 233238 
245 1 0 |a K výkladu pojmu "vopred uvážená pohnútka" pri trestnom čine úkladnej vraždy  |c Miloš Deset 
773 0 |t Justičná revue : časopis pre právnu prax  |g Roč. 65, č. 2 (2013), s. 252-258 
958 |a OND 
958 |a EUIPO 
958 |a article16 
999 |c 2119917  |d 2121847